000 00451nam a2200169Ia 4500
005 20250508155357.0
008 008 250505s9999 xx 000 0 eng d
037 _aBooks to be hide in OPAC
040 _aFEDL
_beng
_cFEDL
041 _aeng
_2eng
084 _a150.5, ASI/O
_qFEDL
245 0 _aJournal of rehabilitation in Asia
300 _a96p.
546 _aWeeded out
942 _cHB
_h150.5, ASI/O
999 _c1356358
_d1356358